[Event "12th World Teams Women"]
[Site "Astana KAZ"]
[Date "2019.03.12"]
[Round "7.3"]
[Board "1"]
[White "Khotenashvili, Bela"]
[Black "Abdumalik, Zhansaya"]
[Result "1-0"]
[WhiteTitle "GM"]
[BlackTitle "IM"]
[WhiteElo "2474"]
[BlackElo "2469"]
[WhiteTeam "Georgia"]
[BlackTeam "Kazakhstan"]
[WhiteFideId "13602640"]
[BlackFideId "13703544"]
[EventDate "2019.03.05"]

1. d4 Nf6 2. g3 g6 3. Bg2 c5 4. d5 Bg7 5. Nc3 d6 6. a4 O-O 7. e4 a6 8. Nge2 e6
9. dxe6 fxe6 10. O-O Nc6 11. h3 Qc7 12. Be3 Rb8 13. Qd2 Rd8 14. Bh6 Bxh6 15.
Qxh6 Nb4 16. Rac1 d5 17. Qg5 Kg7 18. Nf4 d4 19. e5 Ng8 20. Ne4 Rf8 21. Nd6 Nc6
22. h4 Nd8 23. Bh3 Nf7 24. Nxf7 Qxf7 25. h5 Ne7 26. hxg6 hxg6 27. c3 Nc6 28. Bg4
Rh8 29. cxd4 cxd4 30. b4 Bd7 31. b5 axb5 32. axb5 Rh6 33. bxc6 Bxc6 34. Nxe6+
Kh7 35. f3 Rh8 36. Nxd4 Bd5 37. Qf6 Qxf6 38. exf6 Rf8 39. Rc7+ Kh8 40. Re1 1-0

[Event "12th World Teams Women"]
[Site "Astana KAZ"]
[Date "2019.03.12"]
[Round "7.3"]
[Board "2"]
[White "Saduakassova, Dinara"]
[Black "Arabidze, Meri"]
[Result "1/2-1/2"]
[WhiteTitle "IM"]
[BlackTitle "IM"]
[WhiteElo "2462"]
[BlackElo "2392"]
[WhiteTeam "Kazakhstan"]
[BlackTeam "Georgia"]
[WhiteFideId "13700090"]
[BlackFideId "13604040"]
[EventDate "2019.03.05"]

1. c4 e6 2. Nf3 d5 3. g3 Nf6 4. Bg2 dxc4 5. Qa4+ Nbd7 6. Qxc4 c5 7. d3 a6 8. Qb3
Ra7 9. a4 b6 10. Na3 Nd5 11. Nc4 Be7 12. O-O O-O 13. Bd2 Bb7 14. Rfe1 Nb4 15. d4
a5 16. Bc3 cxd4 17. Bxd4 Nc5 18. Bxc5 Bxc5 19. Nfe5 Bxg2 20. Kxg2 Qd4 21. Rf1 f6
22. Nf3 Qe4 23. Nd2 Qxe2 24. Rae1 Qd3 25. Qxe6+ Kh8 26. Ne4 Qd7 27. Nxc5 bxc5
28. Qc4 Rc7 29. b3 Qd5 30. Re4 Qxc4 31. Rxc4 Rd8 32. Rfc1 Na6 33. R1c2 Kg8 34.
Rd2 Rcd7 35. Rcc2 Rd3 36. Rxd3 Rxd3 37. Nd2 Nb4 38. Rb2 Kf7 39. Ne4 Na6 40. Rd2
Rxb3 41. Rd6 Rb4 42. Kf3 Nb8 43. Nxc5 Rc4 44. Rd5 Nc6 45. Nb7 Rxa4 46. Rc5 Nd4+
47. Kg2 Ne6 48. Rxa5 Rxa5 1/2-1/2

[Event "12th World Teams Women"]
[Site "Astana KAZ"]
[Date "2019.03.12"]
[Round "7.3"]
[Board "3"]
[White "Javakhishvili, Lela"]
[Black "Assaubayeva, Bibisara"]
[Result "1-0"]
[WhiteTitle "IM"]
[BlackTitle "FM"]
[WhiteElo "2455"]
[BlackElo "2376"]
[WhiteTeam "Georgia"]
[BlackTeam "Kazakhstan"]
[WhiteFideId "13601458"]
[BlackFideId "13708694"]
[EventDate "2019.03.05"]

1. d4 Nf6 2. c4 g6 3. g3 Bg7 4. Bg2 O-O 5. Nc3 d6 6. Nf3 c6 7. O-O Bf5 8. Ng5 h6
9. e4 Bg4 10. f3 Bd7 11. Nh3 e5 12. Be3 Na6 13. Qd2 Kh7 14. Nf2 b5 15. dxe5 dxe5
16. cxb5 cxb5 17. Rfd1 Qa5 18. Bf1 Nc7 19. a3 Rfd8 20. b4 Qa6 21. Nd3 Ne6 22.
Nc5 Nxc5 23. bxc5 Qb7 24. Rab1 a6 25. Qb2 Rab8 26. Qb4 Qa8 27. Qa5 Rdc8 28. Nd5
Qb7 29. a4 Be8 30. Nb6 Rd8 31. axb5 axb5 32. Bxb5 Bxb5 33. Qxb5 Ne8 34. Rxd8
Rxd8 35. c6 Qe7 36. Nd5 Qa3 37. Qb3 Qxb3 38. Rxb3 Rc8 39. Rc3 Bf8 40. c7 Bd6 41.
Bb6 Kg7 42. Kf1 f5 43. Ke2 Kf7 44. Kd3 Ke6 45. Ba5 h5 46. h3 g5 47. g4 hxg4 48.
hxg4 fxg4 49. fxg4 Nf6 50. Nxf6 Kxf6 51. Rc6 Ke7 52. Kc4 Ke6 53. Bb6 Kd7 54. Kd5
Be7 55. Bc5 Bxc5 56. Rxc5 1-0

[Event "12th World Teams Women"]
[Site "Astana KAZ"]
[Date "2019.03.12"]
[Round "7.3"]
[Board "4"]
[White "Nakhbayeva, Guliskhan"]
[Black "Batsiashvili, Nino"]
[Result "0-1"]
[WhiteTitle "IM"]
[BlackTitle "GM"]
[WhiteElo "2295"]
[BlackElo "2454"]
[WhiteTeam "Kazakhstan"]
[BlackTeam "Georgia"]
[WhiteFideId "13704788"]
[BlackFideId "13602993"]
[EventDate "2019.03.05"]

1. d4 Nf6 2. c4 e6 3. Nf3 d5 4. Nc3 Be7 5. Bf4 O-O 6. e3 Nbd7 7. c5 Ne4 8. Qc2
f5 9. h3 c6 10. Be2 b6 11. cxb6 axb6 12. O-O Bb7 13. a3 Bf6 14. Rac1 Qe7 15. Qb3
Ba6 16. Bxa6 Rxa6 17. Rc2 c5 18. Qb5 Raa8 19. Rfc1 Rfc8 20. Nd2 Nxc3 21. Rxc3 c4
22. b4 Qe8 23. Kf1 Bd8 24. Ke2 Bc7 25. Bxc7 Rxc7 26. Nf3 Qc8 27. Kd1 Nf6 28. Nd2
Qb7 29. f3 Ne8 30. Nxc4 dxc4 31. Rxc4 Rxc4 32. Qxc4 Kf7 33. Rc3 Qd5 34. Qe2 Nd6
35. Rc7+ Kg8 36. Qc2 Rxa3 0-1

[Event "12th World Teams Women"]
[Site "Astana KAZ"]
[Date "2019.03.12"]
[Round "7.4"]
[Board "2"]
[White "Soumya, Swaminathan"]
[Black "Nemcova, Katerina"]
[Result "1-0"]
[WhiteTitle "WGM"]
[BlackTitle "WGM"]
[WhiteElo "2401"]
[BlackElo "2315"]
[WhiteTeam "India"]
[BlackTeam "United States of America"]
[WhiteFideId "5016193"]
[BlackFideId "322750"]
[EventDate "2019.03.05"]

1. e4 c5 2. Nf3 Nc6 3. d4 cxd4 4. Nxd4 e5 5. Nb5 d6 6. c4 a6 7. N5a3 f5 8. exf5
Bxf5 9. Nc3 Nf6 10. Bd3 Bxd3 11. Qxd3 Be7 12. Nc2 O-O 13. O-O Rc8 14. b3 Kh8 15.
Be3 Ng4 16. Rad1 Nxe3 17. Qxe3 b5 18. c5 Nd4 19. Nxd4 exd4 20. Rxd4 Rxc5 21. Nd5
Bf6 22. Rd2 Bg5 23. f4 Bf6 24. Rfd1 Rc6 25. h3 h6 26. Re2 a5 27. Kh2 b4 28. Qe4
Qc8 29. Qg6 Qd8 30. Rde1 Rc8 31. Re7 Bb2 32. R1e6 a4 33. Qh5 Bf6 34. Nxf6 Qxe7
35. Rxe7 Rxf6 36. Re8+ 1-0

[Event "12th World Teams Women"]
[Site "Astana KAZ"]
[Date "2019.03.12"]
[Round "7.4"]
[Board "3"]
[White "Yip, Carissa"]
[Black "Padmini, Rout"]
[Result "0-1"]
[WhiteTitle "FM"]
[BlackTitle "IM"]
[WhiteElo "2279"]
[BlackElo "2332"]
[WhiteTeam "United States of America"]
[BlackTeam "India"]
[WhiteFideId "2090732"]
[BlackFideId "5029295"]
[EventDate "2019.03.05"]

1. e4 e5 2. Bc4 Nf6 3. d3 Nc6 4. Nc3 Na5 5. Nge2 Nxc4 6. dxc4 g6 7. Bg5 h6 8.
Bh4 d6 9. f3 Be6 10. Qd3 Be7 11. Bf2 c6 12. Rd1 Nd7 13. b3 Nc5 14. Qd2 Qc7 15.
Be3 h5 16. a3 a6 17. b4 Nd7 18. Nd5 cxd5 19. cxd5 Bxd5 20. Qxd5 Rc8 21. c3 Nb6
22. Bxb6 Qxb6 23. c4 O-O 24. Qd3 Qc6 25. Rc1 b5 26. cxb5 Qxc1+ 27. Nxc1 Rxc1+
28. Kd2 Rxh1 29. bxa6 Rc8 30. b5 Bd8 31. a7 Rhc1 32. g3 Ba5+ 33. Ke2 R8c2+ 0-1

[Event "12th World Teams Women"]
[Site "Astana KAZ"]
[Date "2019.03.12"]
[Round "7.4"]
[Board "4"]
[White "Kulkarni, Bhakti"]
[Black "Foisor, Sabina-Francesca"]
[Result "1-0"]
[WhiteTitle "CM"]
[BlackTitle "WGM"]
[WhiteElo "2322"]
[BlackElo "2276"]
[WhiteTeam "India"]
[BlackTeam "United States of America"]
[WhiteFideId "5019516"]
[BlackFideId "1212915"]
[EventDate "2019.03.05"]

1. d4 Nf6 2. c4 e6 3. Nf3 Bb4+ 4. Bd2 Qe7 5. g3 O-O 6. Bg2 Bxd2+ 7. Qxd2 Ne4 8.
Qc2 f5 9. O-O d6 10. Nbd2 Nxd2 11. Qxd2 Nd7 12. b4 Nf6 13. Rfc1 e5 14. d5 f4 15.
Ng5 h6 16. Ne6 Bxe6 17. dxe6 Qxe6 18. Bxb7 Rab8 19. Bg2 fxg3 20. fxg3 e4 21. a3
Qe5 22. e3 Kh8 23. Qd4 Qh5 24. Rf1 Ng4 25. h3 Nf6 26. Qxa7 Qe5 27. g4 c5 28. b5
Qc3 29. b6 Qxe3+ 30. Kh1 h5 31. Rae1 Qg3 32. g5 Qxg5 33. Qe7 Rfd8 34. Bxe4 Nxe4
35. Qxe4 Rxb6 36. Rf5 Qh6 37. Qh4 Rdb8 38. Rxh5 d5 39. cxd5 Qxh5 40. Qxh5+ Rh6
41. Re8+ Rxe8 42. Qxe8+ Kh7 43. Kh2 Ra6 44. a4 g6 45. d6 1-0

[Event "12th World Teams Women"]
[Site "Astana KAZ"]
[Date "2019.03.12"]
[Round "7.5"]
[Board "1"]
[White "Hoang, Thanh Trang"]
[Black "Danielian, Elina"]
[Result "0-1"]
[WhiteTitle "GM"]
[BlackTitle "GM"]
[WhiteElo "2454"]
[BlackElo "2402"]
[WhiteTeam "Hungary"]
[BlackTeam "Armenia"]
[WhiteFideId "12400149"]
[BlackFideId "13300210"]
[EventDate "2019.03.05"]

1. d4 Nf6 2. Nf3 b6 3. e3 Bb7 4. Bd3 g6 5. O-O Bg7 6. Nbd2 c5 7. b3 O-O 8. Bb2
d6 9. c4 cxd4 10. exd4 d5 11. Re1 dxc4 12. bxc4 e6 13. Qe2 Nc6 14. Rad1 Rc8 15.
Bc3 Qc7 16. Nb3 Rfd8 17. Qb2 Nh5 18. Bf1 Ne7 19. Nfd2 Nf5 20. Ne4 Bxe4 21. Rxe4
Nd6 22. Ree1 Nxc4 23. Qe2 Nf4 24. Qf3 Nd5 25. Ba1 Qf4 26. Qxf4 Nxf4 27. Rc1 Nd6
28. Ba6 Rxc1 29. Rxc1 Nd5 30. a3 h5 31. h4 Bf6 32. g3 Kg7 33. Kg2 Rb8 34. Rc6
Nf5 35. Bb2 g5 36. hxg5 Bxg5 37. Bd3 Nfe7 38. Rd6 h4 39. Rd7 hxg3 40. fxg3 a5
41. a4 Rc8 42. Kf3 Bf6 43. Nd2 Nc6 44. Nc4 Rh8 45. Nd6 Be7 46. Be4 Nb8 47. Rxe7
Nxe7 48. d5+ e5 49. Bxe5+ f6 50. Bd4 Rd8 51. Nc4 Nxd5 52. Nxb6 Nc6 53. Bb2 Nxb6
54. Bxc6 Nc4 55. Ba1 Rd1 56. Bb5 Rxa1 57. Bxc4 Rxa4 0-1

[Event "12th World Teams Women"]
[Site "Astana KAZ"]
[Date "2019.03.12"]
[Round "7.5"]
[Board "2"]
[White "Sargsyan, Anna M."]
[Black "Gara, Anita"]
[Result "1-0"]
[WhiteTitle "WFM"]
[BlackTitle "IM"]
[WhiteElo "2340"]
[BlackElo "2384"]
[WhiteTeam "Armenia"]
[BlackTeam "Hungary"]
[WhiteFideId "13308130"]
[BlackFideId "709751"]
[EventDate "2019.03.05"]

1. d4 Nf6 2. c4 g6 3. g3 c6 4. Bg2 d5 5. Qa4 Nfd7 6. cxd5 Nb6 7. Qb3 cxd5 8. Nc3
Nc6 9. Nf3 Bg7 10. O-O O-O 11. Rd1 Bf5 12. Bf4 h6 13. h4 Rc8 14. Ne5 e6 15. Nxc6
Rxc6 16. a4 g5 17. hxg5 hxg5 18. Bc1 Qe7 19. a5 Nc4 20. e4 Bg4 21. Re1 Bxd4 22.
exd5 Rc5 23. Ne4 f6 24. d6 Nxd6 25. Nxc5 Bxc5 26. Be3 Bxe3 27. Rxe3 Re8 28. Rc1
Qf7 29. Qb4 Nf5 30. Qxg4 Nxe3 31. fxe3 Qd7 32. Qd4 Qe7 33. Qxa7 Qd6 34. Qxb7
Qxg3 35. Qf3 Qe5 36. Qe4 1-0

[Event "12th World Teams Women"]
[Site "Astana KAZ"]
[Date "2019.03.12"]
[Round "7.5"]
[Board "3"]
[White "Gara, Ticia"]
[Black "Gevorgyan, Maria"]
[Result "1-0"]
[WhiteTitle "WGM"]
[BlackTitle "WIM"]
[WhiteElo "2324"]
[BlackElo "2264"]
[WhiteTeam "Hungary"]
[BlackTeam "Armenia"]
[WhiteFideId "717444"]
[BlackFideId "13300270"]
[EventDate "2019.03.05"]

1. e4 c5 2. Nf3 e6 3. d4 cxd4 4. Nxd4 a6 5. c4 Nf6 6. Nc3 Bb4 7. Qd3 d5 8. exd5
exd5 9. Be2 O-O 10. O-O Nc6 11. Nxc6 bxc6 12. cxd5 Nxd5 13. Nxd5 Qxd5 14. Qxd5
cxd5 15. Rd1 Rd8 16. Be3 Be6 17. Rac1 a5 18. Bd4 Rdc8 19. a3 Be7 20. f3 Bg5 21.
Rxc8+ Rxc8 22. Bd3 Bd7 23. b4 Rc1 24. Rxc1 Bxc1 25. bxa5 Bxa3 26. Kf2 f6 27. Bb6
Kf7 28. Ke3 g6 29. Ba6 Bc6 30. Bc8 Ke7 31. a6 Bd6 32. g3 Bb8 33. Kd4 Ba8 34. f4
Kd6 35. Bc5+ Kc6 36. Be6 Kb5 37. Bxd5 Bxd5 38. Kxd5 Kxa6 39. Ke6 f5 40. Kf6 Kb5
41. Bf2 Kc4 42. Kg7 Kd3 43. Kxh7 Ke2 44. Bd4 Kf3 45. Kxg6 Kg4 46. Be5 Ba7 47. h4
Bf2 48. h5 1-0

[Event "12th World Teams Women"]
[Site "Astana KAZ"]
[Date "2019.03.12"]
[Round "7.5"]
[Board "4"]
[White "Ghukasyan, Siranush"]
[Black "Havanecz, Bianka"]
[Result "0-1"]
[WhiteTitle "WIM"]
[BlackTitle "WIM"]
[WhiteElo "2221"]
[BlackElo "2270"]
[WhiteTeam "Armenia"]
[BlackTeam "Hungary"]
[WhiteFideId "13300946"]
[BlackFideId "704814"]
[EventDate "2019.03.05"]

1. e4 e5 2. Nf3 Nc6 3. Bc4 Bc5 4. c3 Nf6 5. d3 O-O 6. O-O d5 7. exd5 Nxd5 8. b4
Be7 9. Bb3 Bg4 10. h3 Bh5 11. Bd2 Bf6 12. Re1 Ndxb4 13. d4 Nd3 14. Re3 Nf4 15.
Re1 Nxh3+ 16. gxh3 exd4 17. Kg2 Ne5 18. Rxe5 Bxe5 19. cxd4 Bxd4 20. Nc3 c6 21.
Rc1 Re8 22. Qf1 Bxf3+ 23. Kxf3 Qf6+ 24. Kg2 Rad8 25. Rc2 Qg6+ 26. Kh1 Qf5 27. f3
Rd6 28. Kh2 Be5+ 29. Kh1 Rxd2 30. Rxd2 Bxc3 31. Bc2 Bxd2 32. Bxf5 Re1 33. Kg2
Rxf1 34. Kxf1 Kf8 35. Ke2 Bg5 36. Kd3 Ke7 37. a4 a5 38. Kc4 g6 39. Bd3 Be3 40.
Be2 Kd6 41. Kd3 Bf2 42. f4 Kc5 43. Kc3 b5 44. Kb3 f5 0-1

[Event "12th World Teams Women"]
[Site "Astana KAZ"]
[Date "2019.03.13"]
[Round "8.1"]
[Board "1"]
[White "Tan, Zhongyi"]
[Black "Abrahamyan, Tatev"]
[Result "1-0"]
[WhiteTitle "GM"]
[BlackTitle "WGM"]
[WhiteElo "2513"]
[BlackElo "2377"]
[WhiteTeam "China"]
[BlackTeam "United States of America"]
[WhiteFideId "8603642"]
[BlackFideId "13301918"]
[EventDate "2019.03.05"]

1. d4 Nf6 2. c4 e6 3. g3 c5 4. d5 exd5 5. cxd5 g6 6. Nc3 Bg7 7. Bg2 O-O 8. Nf3
d6 9. O-O a6 10. a4 Re8 11. Bf4 Nh5 12. Bg5 Qc7 13. Re1 Nd7 14. e4 Rb8 15. g4
Nhf6 16. e5 dxe5 17. d6 Qd8 18. Nd5 h6 19. Bh4 g5 20. Ne7+ Kf8 21. Bg3 Ng8 22.
Nd5 Re6 23. Nc7 Rg6 24. Qd3 Nb6 25. Nxe5 Bxe5 26. Rxe5 Bd7 27. Rae1 Nf6 28. Re7
Bxg4 29. Qb3 1-0

[Event "12th World Teams Women"]
[Site "Astana KAZ"]
[Date "2019.03.13"]
[Round "8.1"]
[Board "2"]
[White "Yip, Carissa"]
[Black "Huang, Qian"]
[Result "1/2-1/2"]
[WhiteTitle "FM"]
[BlackTitle "WGM"]
[WhiteElo "2279"]
[BlackElo "2441"]
[WhiteTeam "United States of America"]
[BlackTeam "China"]
[WhiteFideId "2090732"]
[BlackFideId "8602689"]
[EventDate "2019.03.05"]

1. e4 c5 2. Nf3 d6 3. d4 cxd4 4. Nxd4 Nf6 5. Nc3 a6 6. h4 e5 7. Nb3 Be7 8. Bg5
Be6 9. Bxf6 Bxf6 10. g3 Be7 11. Bh3 O-O 12. Bxe6 fxe6 13. Qg4 Rf6 14. O-O-O Nc6
15. f4 b5 16. a3 Qc8 17. Rhf1 b4 18. axb4 Nxb4 19. fxe5 dxe5 20. Rxf6 Bxf6 21.
Rd6 Kf7 22. Qd1 Ra7 23. Na4 Be7 24. Rd2 Qc6 25. Qh5+ Kg8 26. Qxe5 Qxc2+ 27. Rxc2
Nd3+ 28. Kb1 Nxe5 29. Nac5 Kf7 30. Nd4 Bxc5 31. Rxc5 Rd7 32. Rxe5 Rxd4 1/2-1/2

[Event "12th World Teams Women"]
[Site "Astana KAZ"]
[Date "2019.03.13"]
[Round "8.1"]
[Board "3"]
[White "Lei, Tingjie"]
[Black "Foisor, Sabina-Francesca"]
[Result "1-0"]
[WhiteTitle "GM"]
[BlackTitle "WGM"]
[WhiteElo "2477"]
[BlackElo "2276"]
[WhiteTeam "China"]
[BlackTeam "United States of America"]
[WhiteFideId "8605114"]
[BlackFideId "1212915"]
[EventDate "2019.03.05"]

1. e4 e5 2. Nf3 Nc6 3. Bb5 a6 4. Ba4 Nf6 5. O-O Be7 6. Re1 b5 7. Bb3 O-O 8. c3
d6 9. h3 Nb8 10. d4 Nbd7 11. Nbd2 Bb7 12. Bc2 Re8 13. Nf1 Bf8 14. Ng3 g6 15. d5
c6 16. dxc6 Bxc6 17. Bg5 Nc5 18. Qd2 Bb7 19. Rad1 Ne6 20. Bh6 Bxh6 21. Qxh6 Qe7
22. a4 Red8 23. Qe3 Nc5 24. a5 Rac8 25. Rd2 Rc7 26. Red1 Rcd7 27. b4 Ne6 28. Bb3
Nf4 29. c4 bxc4 30. Bxc4 d5 31. exd5 N4xd5 32. Qxe5 Qxb4 33. Bxd5 Rxd5 34. Qxf6
Rxd2 35. Nxd2 Rxd2 36. Re1 Qf8 37. Nf5 gxf5 38. Qg5+ Kh8 39. Qxd2 f6 40. Qd7 Be4
41. Rc1 1-0

[Event "12th World Teams Women"]
[Site "Astana KAZ"]
[Date "2019.03.13"]
[Round "8.1"]
[Board "4"]
[White "Wu, Rochelle"]
[Black "Ding, Yixin"]
[Result "1/2-1/2"]
[WhiteTitle "WCM"]
[BlackTitle "WGM"]
[WhiteElo "2120"]
[BlackElo "2432"]
[WhiteTeam "United States of America"]
[BlackTeam "China"]
[WhiteFideId "30908132"]
[BlackFideId "8602972"]
[EventDate "2019.03.05"]

1. d4 Nf6 2. c4 e6 3. Nc3 d5 4. cxd5 exd5 5. Bg5 Be7 6. e3 c6 7. Bd3 O-O 8. Nge2
h6 9. Bf4 Bd6 10. Qc2 Bxf4 11. Nxf4 Qd6 12. O-O Nbd7 13. f3 Re8 14. Rae1 Nf8 15.
Qf2 Bd7 16. Qg3 Qb4 17. Re2 Ne6 18. a3 Qb6 19. Nxe6 Bxe6 20. Na4 Qd8 21. Nc5 b6
22. Nxe6 Rxe6 23. Rc1 Qe7 24. Rce1 Re8 25. Bf5 Rd6 26. b4 g6 27. Bd3 Kg7 28. h3
Re6 29. e4 Nh5 30. Qg4 Qg5 31. Qxg5 hxg5 32. Re3 Nf4 33. Bf1 dxe4 34. Rxe4 Rd8
35. Rxe6 Nxe6 36. Bc4 Kf6 37. Bxe6 1/2-1/2

[Event "12th World Teams Women"]
[Site "Astana KAZ"]
[Date "2019.03.13"]
[Round "8.2"]
[Board "2"]
[White "Gara, Ticia"]
[Black "Gunina, Valentina"]
[Result "0-1"]
[WhiteTitle "WGM"]
[BlackTitle "GM"]
[WhiteElo "2324"]
[BlackElo "2515"]
[WhiteTeam "Hungary"]
[BlackTeam "Russia"]
[WhiteFideId "717444"]
[BlackFideId "4167570"]
[EventDate "2019.03.05"]

1. Nf3 d5 2. d4 Nf6 3. g3 c6 4. c4 Bf5 5. Nc3 e6 6. Nh4 dxc4 7. Nxf5 exf5 8. e3
Bd6 9. Bxc4 O-O 10. O-O Nbd7 11. b3 Nb6 12. Be2 Bb4 13. Bb2 Bxc3 14. Bxc3 Nbd5
15. Bb2 Re8 16. Qd3 Ne4 17. Bf3 Qg5 18. Bg2 Re6 19. Rae1 Rae8 20. Re2 h5 21. h4
Qe7 22. Bh3 g5 23. Bxf5 gxh4 24. Bxe6 Qxe6 25. Kg2 hxg3 26. f3 Nf2 27. Rfxf2
gxf2 28. Kxf2 Qh3 29. Bc1 Re6 30. Ke1 Qxf3 31. Rf2 Qg3 32. Ke2 Re4 33. Qc4 h4
34. Bd2 h3 35. Qc2 Qg4+ 36. Kf1 Rxe3 37. Qc1 Rg3 0-1

[Event "12th World Teams Women"]
[Site "Astana KAZ"]
[Date "2019.03.13"]
[Round "8.2"]
[Board "3"]
[White "Goryachkina, Aleksandra"]
[Black "Terbe, Julianna"]
[Result "1-0"]
[WhiteTitle "GM"]
[BlackTitle "WIM"]
[WhiteElo "2504"]
[BlackElo "2306"]
[WhiteTeam "Russia"]
[BlackTeam "Hungary"]
[WhiteFideId "4147103"]
[BlackFideId "708780"]
[EventDate "2019.03.05"]

1. d4 d5 2. c4 c6 3. Nf3 Nf6 4. Nc3 dxc4 5. a4 Bf5 6. e3 e6 7. Bxc4 Bb4 8. O-O
Nbd7 9. Qe2 Bg6 10. e4 O-O 11. Bd3 Bh5 12. e5 Nd5 13. Nxd5 cxd5 14. Qe3 Re8 15.
Ng5 Bg6 16. Bxg6 fxg6 17. a5 h6 18. Qb3 Bf8 19. Nf3 Rb8 20. Bd2 Be7 21. Rfc1 Nf8
22. Rc2 Qd7 23. Rac1 Rec8 24. h4 Rxc2 25. Qxc2 Qb5 26. g3 Kf7 27. Ne1 b6 28. b4
Rb7 29. a6 Rd7 30. Qd3 Qxd3 31. Nxd3 Ke8 32. b5 Kd8 33. Nb4 Nh7 34. Nc6+ Ke8 35.
Nxe7 Kxe7 36. Rc8 Rd8 37. Rc7+ Rd7 38. Rb7 g5 39. Ba5 bxa5 40. b6 axb6 41. Rxd7+ 1-0

[Event "12th World Teams Women"]
[Site "Astana KAZ"]
[Date "2019.03.13"]
[Round "8.2"]
[Board "4"]
[White "Havanecz, Bianka"]
[Black "Girya, Olga"]
[Result "0-1"]
[WhiteTitle "WIM"]
[BlackTitle "WGM"]
[WhiteElo "2270"]
[BlackElo "2456"]
[WhiteTeam "Hungary"]
[BlackTeam "Russia"]
[WhiteFideId "704814"]
[BlackFideId "4195752"]
[EventDate "2019.03.05"]

1. d4 Nf6 2. c4 e6 3. Nc3 Bb4 4. Qc2 d5 5. cxd5 exd5 6. Bg5 h6 7. Bh4 Nc6 8. e3
g5 9. Bg3 h5 10. Bb5 h4 11. Be5 Rh6 12. h3 Bd7 13. Bxc6 Bxc6 14. Nf3 Ne4 15. a3
Bxc3+ 16. bxc3 Bb5 17. Nd2 Nxd2 18. Qxd2 Qd7 19. f3 O-O-O 20. Kf2 f6 21. Bh2 f5
22. Rab1 g4 23. Bf4 g3+ 24. Ke1 Rb6 25. Rb4 a5 26. Rb3 Qc6 27. Qb2 Qc4 28. a4
Qxa4 29. Kd2 Qc4 30. Rd1 Re8 31. Qa3 Rc6 32. Rb2 Qd3+ 33. Ke1 Rxe3+ 0-1

[Event "12th World Teams Women"]
[Site "Astana KAZ"]
[Date "2019.03.13"]
[Round "8.3"]
[Board "1"]
[White "Danielian, Elina"]
[Black "Khotenashvili, Bela"]
[Result "1-0"]
[WhiteTitle "GM"]
[BlackTitle "GM"]
[WhiteElo "2402"]
[BlackElo "2474"]
[WhiteTeam "Armenia"]
[BlackTeam "Georgia"]
[WhiteFideId "13300210"]
[BlackFideId "13602640"]
[EventDate "2019.03.05"]

1. d4 Nf6 2. c4 g6 3. g3 Bg7 4. Bg2 c5 5. Nf3 O-O 6. Nc3 cxd4 7. Qxd4 Nc6 8. Qh4
d6 9. O-O Bg4 10. Rd1 Bxf3 11. exf3 Qb6 12. Rb1 Ne5 13. b3 Rfc8 14. g4 Qa5 15.
Bd2 Qd8 16. h3 a6 17. f4 Nc6 18. Rbc1 Rab8 19. Be3 Qe8 20. g5 Nd7 21. Nd5 Qd8
22. Qg3 e6 23. Nc3 Ne7 24. Be4 Qc7 25. Ba7 Ra8 26. Bd4 e5 27. fxe5 dxe5 28. Be3
Rab8 29. Qf3 Nf8 30. Nd5 Nxd5 31. cxd5 Qd6 32. h4 Nd7 33. Qh3 Rxc1 34. Rxc1 f5
35. gxf6 Nxf6 36. Bc5 Qd8 37. Qe6+ Kh8 38. Be7 Nxe4 39. Bxd8 Rxd8 40. Rc8 1-0

[Event "12th World Teams Women"]
[Site "Astana KAZ"]
[Date "2019.03.13"]
[Round "8.3"]
[Board "2"]
[White "Javakhishvili, Lela"]
[Black "Mkrtchian, Lilit"]
[Result "1/2-1/2"]
[WhiteTitle "IM"]
[BlackTitle "IM"]
[WhiteElo "2455"]
[BlackElo "2390"]
[WhiteTeam "Georgia"]
[BlackTeam "Armenia"]
[WhiteFideId "13601458"]
[BlackFideId "13300601"]
[EventDate "2019.03.05"]

1. d4 e6 2. c4 b6 3. e4 Bb4+ 4. Nc3 Bb7 5. f3 Ne7 6. Ne2 f5 7. a3 Bxc3+ 8. Nxc3
O-O 9. Bg5 fxe4 10. fxe4 Nbc6 11. d5 exd5 12. cxd5 Ne5 13. d6 cxd6 14. Qxd6 Nf7
15. Bc4 Kh8 16. Bxf7 Rxf7 17. O-O-O Qf8 18. Bxe7 Qxe7 19. Qxe7 Rxe7 20. Rd6 Kg8
21. Rf1 Rf8 22. Rxf8+ Kxf8 23. Kd2 Bxe4 24. Nxe4 Rxe4 25. Rxd7 Re7 26. Rxe7 Kxe7
27. Ke3 Ke6 28. Ke4 g6 29. g3 Kd6 30. Kd4 Ke6 31. Ke4 Kd6 32. Kd4 Ke6 1/2-1/2

[Event "12th World Teams Women"]
[Site "Astana KAZ"]
[Date "2019.03.13"]
[Round "8.3"]
[Board "3"]
[White "Sargsyan, Anna M."]
[Black "Batsiashvili, Nino"]
[Result "1/2-1/2"]
[WhiteTitle "WFM"]
[BlackTitle "GM"]
[WhiteElo "2340"]
[BlackElo "2454"]
[WhiteTeam "Armenia"]
[BlackTeam "Georgia"]
[WhiteFideId "13308130"]
[BlackFideId "13602993"]
[EventDate "2019.03.05"]

1. d4 d5 2. c4 e6 3. Nc3 a6 4. cxd5 exd5 5. Nf3 Nf6 6. Bg5 Be6 7. e3 Nbd7 8. Bd3
Bd6 9. O-O O-O 10. Rc1 h6 11. Bh4 c6 12. Bb1 Qb8 13. Qd3 g6 14. Bxf6 Nxf6 15.
Nh4 Qe8 16. f4 Bd7 17. Nf3 Bf5 18. Qd2 Bxb1 19. Rxb1 Bb4 20. Qd3 Ne4 21. f5 g5
22. f6 Qe6 23. h4 Bxc3 24. bxc3 b5 25. Rbc1 Nxf6 26. hxg5 Ne4 27. gxh6 Qxh6 28.
Nd2 Rfe8 29. Rf4 Nxd2 30. Qxd2 Re6 31. Rcf1 Rae8 32. R1f3 Re4 33. Rf6 Qg5 34.
R6f5 Qg6 35. Rf6 Qg5 36. Rxf7 Rxe3 37. Rf1 Rg3 38. Qc2 Qe3+ 39. Kh2 Re4 40. Rf8+
Kg7 41. R1f7+ Kg6 42. Rf6+ Kg7 43. R6f7+ Kg6 44. Rf6+ 1/2-1/2